LIFE IN ENGLISH LITERATURE (Record no. 365825)

MARC details
000 -LEADER
fixed length control field 00399nam a2200157Ia 4500
008 - FIXED-LENGTH DATA ELEMENTS--GENERAL INFORMATION
fixed length control field 100122s9999 xx 000 0 und d
082 ## - DEWEY DECIMAL CLASSIFICATION NUMBER
Item number 18902
Classification number 820.9
100 ## - MAIN ENTRY--PERSONAL NAME
Personal name STRONG
245 ## - TITLE STATEMENT
Title LIFE IN ENGLISH LITERATURE
260 ## - PUBLICATION, DISTRIBUTION, ETC. (IMPRINT)
Name of publisher, distributor, etc VICTOR GOLLANCZ LTD
Date of publication, distribution, etc 1932
300 ## - PHYSICAL DESCRIPTION
Extent 576
630 ## - SUBJECT ADDED ENTRY--UNIFORM TITLE
Uniform title LIFE IN ENGLISH LITERATURE
700 ## - ADDED ENTRY--PERSONAL NAME
Personal name REDLICH
730 ## - ADDED ENTRY--UNIFORM TITLE
Uniform title LIFE IN ENGLISH LITERATURE
942 ## - ADDED ENTRY ELEMENTS (KOHA)
Koha item type Book
Holdings
Withdrawn status Lost status Damaged status Not for loan Home library Current library Date acquired Cost, normal purchase price Total Checkouts Full call number Barcode Date last seen Cost, replacement price Price effective from Koha item type Public note
        S.V. Pathak Library, Vile Parle S.V. Pathak Library, Vile Parle 03/05/2002 4.00   18902 SVPPARLE-18902 01/25/2010 4.00 01/25/2010 Book ", , General, NA"